000 00746nam a2200205 a 4500
001 BRCA_1188
005 20190320203324.0
008 910731s1990 mx-a---##b---f000-0#spa-#
020 _a9686552006
050 4 _aNA4455
_b.Q56 1990
245 1 0 _aLa Quinta Casa de Correos
_bcrónica del servicio postal en México.
260 _a[México]
_bSecretaría de Comunicaciones y Transporte : Servicio Postal Mexicano
_c1990
300 _a175 p.
_bil. (algunas a color)
_c33 cm.
504 _aBibliografía: p. [176]
610 2 4 _aPalacio Postal (México)
_93918
650 1 4 _aEclecticismo en arquitectura
_zMéxico
_93919
651 4 _aCiudad de México
_xEdificios, estructuras, etc.
_91264
710 2 _aServicio Postal Mexicano
_93920
942 _2lcc
_cB
999 _c1064
_d1064